[Event "Titled Tue 10th Jun Early"]
[Site "chess.com INT"]
[Date "2025.06.10"]
[Round "10"]
[White "Sadubayev, Airat"]
[Black "Nguyen, Ngoc Truong Son"]
[Result "0-1"]
[WhiteTitle "FM"]
[BlackTitle "GM"]
[WhiteElo "2211"]
[BlackElo "2600"]
[WhiteFideId "13713264"]
[BlackFideId "12401110"]
[EventDate "2025.06.10"]

1. d4 Nf6 2. c4 e6 3. Nf3 d5 4. g3 Be7 5. Bg2 O-O 6. O-O dxc4 7. Qc2 a6 8. a4
Bd7 9. Qxc4 Bc6 10. Bg5 Nbd7 11. Nc3 h6 12. Bxf6 Nxf6 13. Rfe1 Bxf3 14. Bxf3 c6
15. a5 Qd6 16. e3 Rad8 17. h4 e5 18. Red1 exd4 19. Rxd4 Qe5 20. b4 Rxd4 21. exd4
Qf5 22. Kg2 Rd8 23. Re1 Bf8 24. Rd1 Qc2 25. Be2 Qf5 26. Bf3 g5 27. hxg5 hxg5 28.
Re1 g4 29. Be2 Re8 30. Rf1 Ne4 31. Qd3 Bxb4 32. Nd1 Nd6 33. Ne3 Qxd3 34. Bxd3
Bxa5 35. Nxg4 Kg7 36. Rb1 Bc3 37. Rh1 Bxd4 38. Rh7+ Kf8 39. Nh6 b5 40. Ng4 a5
41. Rh6 Re6 42. Rh1 a4 43. Rd1 a3 44. Bb1 c5 45. Kf3 f5 46. Ne3 Bxe3 47. fxe3
Nc4 48. Rd3 Ne5+ 49. Ke2 Nxd3 0-1

[Event "Titled Tue 10th Jun Early"]
[Site "chess.com INT"]
[Date "2025.06.10"]
[Round "10"]
[White "Alizadeh, Mohammad Mahdi"]
[Black "Kiremitciyan, Ari"]
[Result "1-0"]
[WhiteTitle "CM"]
[BlackTitle "FM"]
[WhiteElo "2039"]
[BlackElo "2271"]
[WhiteFideId "22598820"]
[BlackFideId "6373445"]
[EventDate "2025.06.10"]

1. d4 d5 2. c4 e6 3. g3 h6 4. Nf3 Nf6 5. Bg2 Bb4+ 6. Nbd2 O-O 7. O-O Nc6 8. a3
Bd6 9. Qc2 a6 10. e4 dxe4 11. Nxe4 Nxe4 12. Qxe4 Re8 13. Qc2 e5 14. dxe5 Nxe5
15. Nxe5 Bxe5 16. Rd1 Qf6 17. Re1 Bf5 18. Qb3 Bd4 19. Be3 Bxb2 20. Ra2 Bc3 21.
Rc1 Bd4 22. Bxd4 Qxd4 23. Qxb7 Rad8 24. Raa1 Re2 25. Rf1 Rxf2 26. Rxf2 Qxa1+ 27.
Rf1 Qd4+ 28. Kh1 Bd3 29. Rc1 Qe3 30. Rd1 Kh7 31. Qxc7 Rd4 32. c5 Be4 33. Rf1
Bxg2+ 34. Kxg2 Rd2+ 35. Kh3 Qe6+ 36. g4 Rd3+ 37. Kg2 Qe4+ 38. Kg1 Qxg4+ 39. Kh1
Rd2 40. Qg3 Qe4+ 41. Kg1 Qd4+ 42. Kh1 Qd5+ 43. Qf3 Qxf3+ 44. Rxf3 f6 45. Rc3 Rd7
46. Kg2 Rc7 47. Kf3 Kg6 48. Ke4 f5+ 49. Ke5 Re7+ 50. Kd6 1-0

[Event "Titled Tue 10th Jun Early"]
[Site "chess.com INT"]
[Date "2025.06.10"]
[Round "10"]
[White "Bezerra, Flavio Rodrigo Costa"]
[Black "Mayorau, Mikita1"]
[Result "1/2-1/2"]
[BlackTitle "GM"]
[WhiteElo "2096"]
[BlackElo "2472"]
[WhiteFideId "2114704"]
[BlackFideId "13501720"]
[EventDate "2025.06.10"]

1. d4 Nf6 2. Bf4 c5 3. e3 b6 4. Qf3 d5 5. Bb5+ Bd7 6. Nc3 cxd4 7. exd4 a6 8.
Nxd5 Nxd5 9. Qxd5 Ra7 10. Bxb8 Qxb8 11. Bxd7+ Rxd7 12. Qe4 e6 13. Nf3 Be7 14.
O-O O-O 15. c3 h6 16. Ne5 Rd5 17. Nc6 Qd6 18. Nxe7+ Qxe7 19. Rfe1 Rg5 20. Re3
Qf6 21. Rg3 Rxg3 22. hxg3 Qg5 23. Re1 Qd2 24. Qe2 Qg5 25. Qxa6 b5 26. a4 Qd2 27.
Re5 bxa4 28. Qxa4 Qxb2 29. Qb4 Qc1+ 30. Kh2 Qd2 31. Re3 Qxf2 32. Rf3 Qd2 33. Qd6
Rc8 34. Rxf7 Kxf7 35. Qd7+ Kf6 36. Qxc8 Qc2 37. Qc7 Qd3 38. Qe5+ Kf7 39. Qc5 g5
40. c4 Kf6 41. Qe5+ Kf7 42. c5 Qd1 43. Qe3 Qh5+ 44. Kg1 Qd1+ 45. Kh2 Qh5+ 46.
Kg1 Qd1+ 47. Kf2 Qc2+ 48. Qe2 Qb1 49. Qf3+ Ke7 50. Qe3 Qc2+ 51. Kf3 Qf5+ 52. Ke2
Qc2+ 53. Kf3 Qf5+ 54. Ke2 Qc2+ 55. Kf1 Qd1+ 56. Kf2 Qc2+ 57. Kg1 Qd1+ 58. Kh2
Qh5+ 59. Kg1 Qd1+ 60. Kf2 Qc2+ 1/2-1/2

[Event "Titled Tue 10th Jun Early"]
[Site "chess.com INT"]
[Date "2025.06.10"]
[Round "10"]
[White "Thorhallsson, Simon"]
[Black "Povshednyi, Ivan"]
[Result "0-1"]
[WhiteTitle "FM"]
[BlackTitle "FM"]
[WhiteElo "2202"]
[BlackElo "2309"]
[WhiteFideId "2310090"]
[BlackFideId "14190907"]
[EventDate "2025.06.10"]

1. e4 c5 2. Nf3 d6 3. d4 cxd4 4. Nxd4 Nf6 5. Nc3 a6 6. Bd3 e5 7. Nde2 Be6 8. Ng3
Nc6 9. O-O Be7 10. Kh1 O-O 11. Nd5 Nxd5 12. exd5 Bxd5 13. Bxh7+ Kxh7 14. Qxd5 f5
15. f4 g6 16. c3 Qe8 17. Be3 Qf7 18. Rad1 Qxd5 19. Rxd5 Kg7 20. Ne2 Kf7 21. Rfd1
Ke6 22. Bb6 g5 23. fxg5 f4 24. Bc7 Bxg5 25. Rxd6+ Kf5 26. Rf1 Rf6 27. Ng3+ Kg6
28. Ne4 Rxd6 29. Bxd6 Bh6 30. g3 Rd8 31. gxf4 Bxf4 32. Bc7 Rh8 33. Rf2 Kf5 34.
Ng3+ Ke6 35. Kg2 Ne7 36. Rxf4 exf4 37. Bxf4 Nd5 38. Bd2 Nb6 39. b3 a5 40. Be3
Nd5 41. Bd4 Rc8 42. c4 Ne7 43. h4 Ng6 44. h5 Nf4+ 45. Kf3 Rf8 46. Ke4 Nh3 47. h6
Ng5+ 48. Ke3 Rf3+ 49. Ke2 Rxg3 50. Be3 Nf7 51. h7 Rh3 0-1

[Event "Titled Tue 10th Jun Early"]
[Site "chess.com INT"]
[Date "2025.06.10"]
[Round "10"]
[White "Sakhayi, Mostafa"]
[Black "Huseynova, Lala"]
[Result "0-1"]
[WhiteTitle "CM"]
[BlackTitle "WFM"]
[WhiteElo "2166"]
[BlackElo "2045"]
[WhiteFideId "12512532"]
[BlackFideId "13431781"]
[EventDate "2025.06.10"]

1. d4 Nf6 2. c4 e6 3. Nc3 d5 4. cxd5 exd5 5. Bg5 c6 6. e3 Be7 7. Bd3 O-O 8. Nge2
h6 9. Bh4 Bg4 10. Qc2 Nbd7 11. f3 Be6 12. O-O Ne8 13. Bf2 f5 14. Nf4 Nc7 15.
Nxe6 Nxe6 16. Bxf5 Nc7 17. e4 Bb4 18. e5 Qe7 19. a3 Ba5 20. b4 Bb6 21. Rad1 Ne6
22. Be3 a5 23. b5 Nxe5 24. Rfe1 Nc4 25. bxc6 bxc6 26. Bf2 Rf6 27. Bd3 Qxa3 28.
Bxc4 dxc4 29. Ne4 Rff8 30. Nc3 Rae8 31. Ne4 Qb3 32. Qc1 a4 33. Re3 Qb4 34. Rc3
Rd8 35. Rxc4 Qb5 36. Rxc6 Nxd4 37. Bxd4 Bxd4+ 38. Kh1 Qe2 39. Ng3 Qe3 40. Qc4+
Kh7 41. Nf1 Qe5 42. Qd3+ Kh8 43. Rc4 Bb6 44. Qc2 Rxd1 45. Qxd1 Rd8 46. Qxa4 Qe1 0-1

[Event "Titled Tue 10th Jun Early"]
[Site "chess.com INT"]
[Date "2025.06.10"]
[Round "10"]
[White "Arabidze, Meri"]
[Black "Zhigalko, Sergei"]
[Result "0-1"]
[WhiteTitle "IM"]
[BlackTitle "GM"]
[WhiteElo "2440"]
[BlackElo "2572"]
[WhiteFideId "13604040"]
[BlackFideId "13502956"]
[EventDate "2025.06.10"]

1. d4 Nf6 2. c4 e6 3. Nc3 Bb4 4. f3 d5 5. a3 Be7 6. e4 dxe4 7. fxe4 e5 8. d5 O-O
9. Nf3 Bg4 10. Be2 Nbd7 11. O-O a5 12. Qc2 Ne8 13. h3 Bxf3 14. Bxf3 Nd6 15. b3
Bg5 16. Bxg5 Qxg5 17. Qf2 b6 18. Na4 f5 19. exf5 Rxf5 20. Qe2 Nf6 21. c5 bxc5
22. Nxc5 e4 23. Bxe4 Rxf1+ 24. Rxf1 Nfxe4 25. Nxe4 Qe5 26. Re1 Re8 27. Nxd6 Qd4+
28. Kh2 Rxe2 29. Rxe2 Qf4+ 30. Kg1 Qxd6 31. a4 Qxd5 32. Re3 h6 33. Kf2 Qf5+ 34.
Rf3 Qc5+ 35. Kg3 Kh7 36. h4 Qd6+ 37. Kh3 Kg6 38. Rg3+ Kf6 39. Rf3+ Ke6 40. Rg3
Qe5 41. Rf3 Kd6 42. g4 Kc6 43. Rg3 Kc5 44. Rf3 Kb4 45. h5 Qe6 46. Kg3 c5 47. Kh3
Qxb3 48. Rxb3+ Kxb3 49. g5 c4 50. gxh6 gxh6 51. Kg4 c3 0-1

[Event "Titled Tue 10th Jun Early"]
[Site "chess.com INT"]
[Date "2025.06.10"]
[Round "10"]
[White "Palczert, Matyas"]
[Black "Molina, Roberto Junio Brito"]
[Result "1-0"]
[WhiteTitle "FM"]
[BlackTitle "IM"]
[WhiteElo "2396"]
[BlackElo "2381"]
[WhiteFideId "784958"]
[BlackFideId "2109450"]
[EventDate "2025.06.10"]

1. b3 d5 2. Bb2 Bg4 3. f3 Bh5 4. h4 f6 5. e3 e5 6. d4 Nc6 7. Bb5 exd4 8. Qxd4
Qd7 9. Qd2 a6 10. Bd3 Bb4 11. Nc3 O-O-O 12. O-O-O Nge7 13. a3 Bc5 14. Nge2 Rhe8
15. Kb1 Bg6 16. e4 dxe4 17. Nxe4 Bxe4 18. fxe4 Ng6 19. Qc3 Qe7 20. b4 Bd4 21.
Nxd4 Nxd4 22. Bxa6 bxa6 23. Rxd4 Rxd4 24. Qxd4 Qxe4 25. Qa7 Qxg2 26. Qxa6+ Qb7
27. Qf1 Ne5 28. Rg1 Re7 29. Qf5+ Kb8 30. Rd1 Qc8 31. Qxh7 Nc4 32. Qd3 Nb6 33.
Bd4 Rd7 34. Qf3 Qb7 35. Qe2 Qc6 36. Bxb6 Rxd1+ 37. Qxd1 cxb6 38. Qd8+ Kb7 39.
Qe7+ Qc7 40. Qxc7+ Kxc7 41. c4 g5 42. hxg5 fxg5 43. Kc2 Kd6 44. Kd3 Ke5 45. a4
g4 46. Ke3 g3 47. a5 bxa5 48. bxa5 Kd6 49. Kf3 Kc6 50. Kxg3 Kb7 51. c5 Kc6 52.
a6 Kc7 53. Kf4 Kc6 54. Ke5 Kxc5 55. a7 1-0

[Event "Titled Tue 10th Jun Early"]
[Site "chess.com INT"]
[Date "2025.06.10"]
[Round "10"]
[White "Mompel Ferruz, Xavier"]
[Black "Negrean, Andrei"]
[Result "1-0"]
[WhiteTitle "FM"]
[BlackTitle "FM"]
[WhiteElo "2342"]
[BlackElo "2352"]
[WhiteFideId "54585775"]
[BlackFideId "1291513"]
[EventDate "2025.06.10"]

1. e4 c5 2. Nf3 a6 3. c3 Nf6 4. e5 Nd5 5. d4 cxd4 6. cxd4 e6 7. Bc4 d6 8. O-O
Nc6 9. Re1 Be7 10. Bxd5 exd5 11. Nc3 dxe5 12. dxe5 Be6 13. Be3 O-O 14. Qd2 Qd7
15. Rad1 Rfd8 16. Bb6 Re8 17. Nxd5 Bxd5 18. Qxd5 Qxd5 19. Rxd5 Bd8 20. Bxd8
Raxd8 21. Red1 Rxd5 22. Rxd5 h6 23. Kf1 g5 24. h3 Re7 25. a3 Kf8 26. b4 Ke8 27.
b5 axb5 28. Rxb5 Kd8 29. Ke2 f6 30. Kd3 fxe5 31. Ke4 Rf7 32. g3 Rxf3 33. Rd5+
Kc7 34. Kxf3 h5 35. Ke4 Kb6 36. Rd7 Na5 37. Rg7 Nc4 38. Rxg5 Nd2+ 39. Kd3 Nb1
40. Rxe5 Nxa3 41. f4 Nb5 42. Rxh5 Nc7 43. Kc4 Kc6 44. Rh6+ Kd7 45. Rh7+ Kc6 46.
Rxc7+ Kxc7 47. Kc5 Kd7 48. Kb6 Kc8 49. f5 Kd8 50. Kxb7 Kd7 51. Kb6 Ke7 52. Kc5
Kf6 53. g4 Ke5 54. Kc6 Kf6 55. Kd6 Kf7 56. Ke5 Kg7 57. Ke6 Kg8 58. Ke7 Kg7 59.
f6+ Kg6 60. f7 Kg5 61. f8=Q Kh4 62. Qh6+ Kg3 63. g5 Kf4 64. g6+ Ke5 65. g7 Kd5
66. g8=Q+ Kc5 67. Qgg5+ Kd4 68. Qe3+ Kd5 69. Qhe6# 1-0

[Event "Titled Tue 10th Jun Early"]
[Site "chess.com INT"]
[Date "2025.06.10"]
[Round "10"]
[White "Lezcano, Gustavo"]
[Black "Manukian, Artak"]
[Result "0-1"]
[WhiteElo "2007"]
[BlackElo "2104"]
[WhiteFideId "103306"]
[BlackFideId "13301373"]
[EventDate "2025.06.10"]

1. Nf3 g6 2. e4 Bg7 3. d4 c6 4. Nc3 d5 5. h3 dxe4 6. Nxe4 Nf6 7. Nc3 O-O 8. g3
Nd5 9. Ne4 Nd7 10. c4 N5f6 11. Nc3 Nb6 12. b3 Bf5 13. Be3 Ne4 14. Ne2 Qc8 15.
Bg2 Rd8 16. Qc1 h5 17. Nh4 c5 18. Nxf5 Qxf5 19. dxc5 Nxc5 20. O-O Nd3 21. Qa3
Bxa1 22. Rxa1 Qc8 23. Qxe7 Re8 24. Qg5 Qf5 25. Qh6 Rad8 26. Rf1 Qf6 27. h4 Qg7
28. Qg5 Qe5 29. Qh6 Qg7 30. Qg5 Qe5 31. Qh6 Rd7 32. Nf4 Nxf4 33. Bxf4 Qg7 34.
Qg5 Kh7 35. Qa5 Nc8 36. c5 Rde7 37. c6 b6 38. Qb4 Re6 39. a4 Qf8 40. Qc3 Qc5 41.
Qb2 Re1 42. Qf6 Rxf1+ 43. Bxf1 Qf5 44. Qc3 Ne7 45. b4 Nd5 46. Qc4 Nxf4 47. gxf4
Qg4+ 48. Kh2 Qxh4+ 49. Kg1 Qg4+ 50. Kh2 Qe6 0-1

[Event "Titled Tue 10th Jun Early"]
[Site "chess.com INT"]
[Date "2025.06.10"]
[Round "10"]
[White "Madi, Aidana"]
[Black "Santos, Antonio P"]
[Result "0-1"]
[WhiteTitle "WFM"]
[BlackTitle "FM"]
[WhiteElo "1899"]
[BlackElo "2165"]
[WhiteFideId "13722689"]
[BlackFideId "1900161"]
[EventDate "2025.06.10"]

1. e4 c5 2. d4 cxd4 3. c3 dxc3 4. Nxc3 e6 5. Nf3 a6 6. Bc4 b5 7. Bb3 Bb7 8. O-O
b4 9. Nd5 exd5 10. exd5 d6 11. Bg5 Be7 12. Re1 Nd7 13. Nd4 Kf8 14. Qf3 Ndf6 15.
Nf5 h6 16. Bh4 Bc8 17. Nxe7 Nxe7 18. Bxf6 gxf6 19. Qxf6 Rh7 20. Bc2 Rg7 21. Qxh6
Ng8 22. Qf4 Qd7 23. Qxb4 Ne7 24. Qh4 Ng6 25. Qf6 Ne5 26. f4 Nf3+ 27. Kh1 Nxe1
28. Rxe1 Bb7 29. Qh6 Kg8 30. Qh5 Qg4 31. Bh7+ Kf8 32. Qxg4 Rxg4 33. Be4 Rxf4 34.
g3 Rf6 35. h4 Re8 36. Re2 Rxe4 37. Rxe4 Bxd5 38. h5 Bxe4+ 39. Kh2 Kg7 40. Kh3
Kh6 41. Kh4 Rf1 42. g4 Rh1+ 43. Kg3 Rb1 44. Kh4 Rxb2 45. a4 Rb4 46. a5 Bf5 47.
Kg3 Rxg4+ 48. Kh2 Kxh5 49. Kh1 Kh4 50. Kh2 Rg3 51. Kh1 Be4+ 52. Kh2 Rg2+ 53. Kh1
Ra2+ 54. Kg1 Kg3 55. Kf1 Bf3 56. Kg1 Ra1# 0-1

[Event "Titled Tue 10th Jun Early"]
[Site "chess.com INT"]
[Date "2025.06.10"]
[Round "10"]
[White "Guerrero Cataldo, Juan Andres"]
[Black "Ugorek, Kacper"]
[Result "1/2-1/2"]
[WhiteTitle "CM"]
[BlackTitle "CM"]
[WhiteElo "2082"]
[BlackElo "2262"]
[WhiteFideId "3421260"]
[BlackFideId "21890676"]
[EventDate "2025.06.10"]

1. c4 Nf6 2. g3 g6 3. Bg2 Bg7 4. Nc3 O-O 5. e3 d6 6. Nge2 e5 7. d3 Nbd7 8. O-O
c6 9. Rb1 Qe7 10. b4 a5 11. b5 c5 12. a4 Nb6 13. h3 Be6 14. f4 Rad8 15. Bb2 Rfe8
16. Kh2 exf4 17. Nxf4 d5 18. Nxe6 fxe6 19. cxd5 Nfxd5 20. Nxd5 exd5 21. Bxg7
Qxg7 22. Qd2 Nxa4 23. Qxa5 Nc3 24. Rbc1 d4 25. exd4 cxd4 26. Rce1 Qd7 27. Qb6
Rxe1 28. Rxe1 Rf8 29. Qxb7 Qxb7 30. Bxb7 Nxb5 31. Re7 Nc3 32. Ba6 Rf2+ 33. Kg1
Rf3 34. Kg2 Rf6 35. Bc4+ Kh8 36. g4 Nd1 37. g5 Rf8 38. Rd7 Ne3+ 39. Kg3 Rc8 40.
Be6 Re8 41. Bb3 Nf5+ 42. Kf4 Rf8 43. Rf7 Rb8 44. Bc4 Nd6 45. Rd7 Rf8+ 46. Kg4
Nf5 47. Be6 Ne3+ 48. Kg3 Nf1+ 49. Kg2 Ne3+ 50. Kg3 Re8 51. Bc4 Nf5+ 52. Kg4 Rf8
53. Be6 Ng7 54. Bc4 Nf5 1/2-1/2

[Event "Titled Tue 10th Jun Early"]
[Site "chess.com INT"]
[Date "2025.06.10"]
[Round "10"]
[White "Ilinca, Felix-Antonio"]
[Black "Nguyen Quang Anh"]
[Result "1-0"]
[WhiteTitle "IM"]
[BlackTitle "CM"]
[WhiteElo "2431"]
[BlackElo "2052"]
[WhiteFideId "54764998"]
[BlackFideId "12432377"]
[EventDate "2025.06.10"]

1. e4 e6 2. Nf3 d5 3. Nc3 d4 4. Ne2 c5 5. Ng3 Nc6 6. Bb5 Bd7 7. O-O Bd6 8. d3
Nge7 9. a4 a6 10. Bxc6 Bxc6 11. Nd2 Ng6 12. Nc4 Bc7 13. f4 O-O 14. f5 exf5 15.
Nxf5 b5 16. Na3 c4 17. Qg4 Bd7 18. Bg5 f6 19. Bd2 Bxf5 20. Qxf5 cxd3 21. cxd3
Ne5 22. axb5 axb5 23. Nxb5 Rb8 24. Nxc7 Qxc7 25. Bf4 Rb5 26. Qe6+ Kh8 27. Bxe5
Rxe5 28. Qa6 Qc2 29. Qa3 Rfe8 30. Rac1 Qd2 31. Kh1 Rg5 32. g3 Rh5 33. h4 Qe3 34.
Kg2 Rh6 35. Rc2 Rg6 36. Rf3 Qe1 37. Qc5 Qd1 38. Rcf2 h6 39. Qxd4 Re5 40. Qe3 Kh7
41. Qf4 Re8 42. Rd2 Qc1 43. Qe3 Qb1 44. Re2 Rc8 45. d4 Rc1 46. d5 Rc2 47. Rxc2
Qxc2+ 48. Rf2 Qd1 49. Rd2 Qg4 50. Kh2 Qd7 51. Qf4 Rg4 52. Qf5+ Qxf5 53. exf5 1-0

[Event "Titled Tue 10th Jun Early"]
[Site "chess.com INT"]
[Date "2025.06.10"]
[Round "10"]
[White "Gilfanov, Marat I"]
[Black "Jval Saurin Patel"]
[Result "1/2-1/2"]
[WhiteTitle "FM"]
[BlackTitle "FM"]
[WhiteElo "2343"]
[BlackElo "2331"]
[WhiteFideId "34372164"]
[BlackFideId "25968343"]
[EventDate "2025.06.10"]

1. e4 e6 2. d4 d5 3. e5 c5 4. c3 Nc6 5. Nf3 Qb6 6. g3 Nh6 7. Bh3 Nf5 8. Bxf5
exf5 9. O-O cxd4 10. cxd4 Be7 11. Nc3 Be6 12. h4 h6 13. Na4 Qa5 14. Bd2 Qc7 15.
Rc1 b6 16. Nc3 O-O 17. Be3 Rac8 18. Qd2 Qd7 19. Ne2 Na5 20. b3 Kh7 21. Kg2 Ba3
22. Rxc8 Rxc8 23. Rh1 Qc6 24. Bxh6 gxh6 25. Ng5+ Kg7 26. Nf4 hxg5 27. Nh5+ Kf8
28. Qxg5 Be7 29. Qh6+ Ke8 30. Ng7+ Kd7 31. h5 Qc2 32. Re1 Nc6 33. Qf4 Qc3 34.
Rd1 Rh8 35. h6 Bf8 36. Nxf5 Qc2 37. Ne3 Qg6 38. Qf3 Bxh6 39. Nxd5 Bxd5 40. Qxd5+
Kc7 41. Qc4 Kb7 42. d5 Nxe5 43. Qd4 Bg7 44. d6 Rh2+ 45. Kf1 Rh1+ 46. Kg2 Rxd1
47. Qxd1 Nd7 48. Qd5+ Kb8 49. Qc6 Qe6 50. Qc7+ Ka8 51. Qc6+ Kb8 52. Qc7+ Ka8 53.
Qc6+ Kb8 1/2-1/2

[Event "Titled Tue 10th Jun Early"]
[Site "chess.com INT"]
[Date "2025.06.10"]
[Round "10"]
[White "Torres Rebolledo, Alvaro"]
[Black "Saydaliev, Saidakbar"]
[Result "1-0"]
[WhiteTitle "FM"]
[BlackTitle "IM"]
[WhiteElo "2318"]
[BlackElo "2450"]
[WhiteFideId "54587670"]
[BlackFideId "14203693"]
[EventDate "2025.06.10"]

1. d4 g6 2. c4 Bg7 3. Nc3 b6 4. e4 Bb7 5. Be2 d6 6. Nf3 Nd7 7. O-O e6 8. Be3 Ne7
9. Nd2 O-O 10. f4 c5 11. d5 exd5 12. cxd5 f5 13. Nc4 Nf6 14. Nxd6 Qxd6 15. e5
Qd8 16. exf6 Rxf6 17. Bc4 Kh8 18. Qd3 a6 19. a4 Nc8 20. Bf2 Nd6 21. Bh4 Qf8 22.
Rae1 Rf7 23. Re6 Rd7 24. Rfe1 b5 25. axb5 axb5 26. Bxb5 Nxb5 27. Qxb5 Bd4+ 28.
Kh1 Qf7 29. h3 Bxc3 30. bxc3 Bxd5 31. Re7 Rxe7 32. Rxe7 Bxg2+ 33. Kxg2 Qd5+ 34.
Kg3 Qd6 35. Qd7 Qxd7 36. Rxd7 Ra4 37. Bf6+ Kg8 38. Rg7+ Kf8 39. Rxh7 Re4 40. Be5
g5 41. Rc7 c4 42. Bd6+ Kg8 43. fxg5 Re6 44. Bc5 Re4 45. Bd4 Re6 46. h4 Re4 47.
h5 Rg4+ 48. Kf3 Rxg5 49. h6 Rh5 50. Rg7+ Kf8 51. h7 Rh3+ 52. Kf4 Rh5 53. Rg8+
Kf7 54. h8=Q Rxh8 55. Rxh8 Kg6 56. Rg8+ Kf7 57. Ra8 Ke6 58. Ra5 Kd6 59. Rxf5 Kc6
60. Rc5+ Kd6 61. Rxc4 Ke6 62. Rc5 Kd6 63. Rh5 Ke6 64. c4 Kd6 65. c5+ Ke6 66.
Rh6+ Kd7 67. c6+ Kc7 68. Ke5 Kc8 69. Kd6 Kb8 70. Rh8# 1-0

[Event "Titled Tue 10th Jun Early"]
[Site "chess.com INT"]
[Date "2025.06.10"]
[Round "10"]
[White "Izafatava, Kira"]
[Black "Zgadzaj, Rafal"]
[Result "1-0"]
[BlackTitle "CM"]
[WhiteElo "2036"]
[BlackElo "2018"]
[WhiteFideId "13521705"]
[BlackFideId "1113712"]
[EventDate "2025.06.10"]

1. e4 c6 2. Nf3 d5 3. e5 Bg4 4. c4 e6 5. cxd5 Qxd5 6. d4 Bb4+ 7. Nc3 Nd7 8. a3
Bxc3+ 9. bxc3 Bxf3 10. Qxf3 Qxf3 11. gxf3 Ne7 12. Rg1 Nf5 13. Bd3 g6 14. Rb1
O-O-O 15. a4 Nb6 16. a5 Nd5 17. Bd2 a6 18. Ke2 Rd7 19. Rb2 h5 20. Rgb1 h4 21.
Bxa6 Rc7 22. Bxb7+ Kd7 23. a6 c5 24. a7 cxd4 25. cxd4 Nxd4+ 26. Kd3 Nxf3 27.
a8=Q Rxa8 28. Bxa8 Nxe5+ 29. Ke2 Ne7 30. Be4 f5 31. Bg2 Ke8 32. Rb7 Rc2 33. R1b2
Rc4 34. Bg5 N7c6 35. Rh7 Nd4+ 36. Kd1 Nf7 37. Rb8+ Kd7 38. Rb7+ Kd6 39. Rhxf7
Ke5 40. Bf6+ Kf4 41. Bxd4 Rxd4+ 42. Ke1 e5 43. Rb5 e4 44. Rfb7 Rd3 45. Rb3 Rd4
46. Rh3 Ra4 47. Rxh4+ Kg5 48. Rh3 Ra1+ 49. Ke2 Ra2+ 50. Ke3 Ra3+ 51. Kd4 Ra4+
52. Ke5 Ra5+ 53. Ke6 Ra6+ 54. Kf7 Ra2 55. Rbb3 Rxf2 56. Rbg3+ Kf4 57. Rh4+ Ke5
58. Rxg6 e3 59. Re6# 1-0

[Event "Titled Tue 10th Jun Early"]
[Site "chess.com INT"]
[Date "2025.06.10"]
[Round "10"]
[White "Babayeva, Nasrin"]
[Black "Bacus, Dharim"]
[Result "1-0"]
[WhiteTitle "WFM"]
[BlackTitle "FM"]
[WhiteElo "1936"]
[BlackElo "2131"]
[WhiteFideId "13416626"]
[BlackFideId "5201527"]
[EventDate "2025.06.10"]

1. c4 e5 2. g3 Nf6 3. Bg2 g6 4. Nc3 Bg7 5. e4 O-O 6. Nge2 Nc6 7. O-O Re8 8. d3
h6 9. a3 a5 10. Rb1 d6 11. b4 axb4 12. axb4 Bg4 13. f3 Be6 14. h3 Qd7 15. Kh2
Nd4 16. f4 Nxe2 17. Nxe2 Ra2 18. Bb2 exf4 19. gxf4 Nh5 20. Bxg7 Nxg7 21. Nc3
Rxg2+ 22. Kxg2 Bxh3+ 23. Kg1 Bxf1 24. Qxf1 Qg4+ 25. Kh1 Nh5 26. Qf2 Ng3+ 27. Kh2
Nh5 28. Nd5 c6 29. Rg1 Qd7 30. Ne3 d5 31. cxd5 Qd6 32. e5 Qxb4 33. dxc6 bxc6 34.
Ng4 Qxf4+ 35. Qxf4 Nxf4 36. Nf6+ Kf8 37. Nxe8 Kxe8 38. d4 Ke7 39. Rc1 Ne2 40.
Rc4 Kd7 41. Kg2 Nf4+ 42. Kf3 Ne6 43. Ke4 Ng5+ 44. Kf4 Ne6+ 45. Ke3 Nc7 46. Rc1
Nd5+ 47. Ke4 Nc7 48. Rf1 Ke7 49. Rf6 Ne6 50. d5 cxd5+ 51. Kxd5 Ng5 52. Ra6 Ne6
53. Ra7+ Kf8 54. Kd6 Ng5 55. Ra8+ Kg7 56. Ke7 h5 57. Ra1 h4 58. Rg1 Ne6 59. Rf1
g5 60. Rxf7+ Kg6 61. Kxe6 h3 62. Rf1 g4 63. Kd7 h2 64. e6 g3 65. e7 g2 66. e8=Q+
Kg5 67. Qg8+ Kh4 68. Qxg2 1-0

[Event "Titled Tue 10th Jun Early"]
[Site "chess.com INT"]
[Date "2025.06.10"]
[Round "10"]
[White "Uraev, Ivan"]
[Black "Cahaya, Satria Duta"]
[Result "0-1"]
[WhiteTitle "FM"]
[BlackTitle "FM"]
[WhiteElo "2194"]
[BlackElo "2386"]
[WhiteFideId "4192443"]
[BlackFideId "7124252"]
[EventDate "2025.06.10"]

1. e4 e5 2. Nc3 Nf6 3. Nf3 Nc6 4. Bb5 Bc5 5. O-O O-O 6. d3 Nd4 7. Bc4 d6 8. h3
c6 9. Nxd4 Bxd4 10. Ne2 Bb6 11. Bb3 h6 12. Be3 Bxe3 13. fxe3 d5 14. exd5 cxd5
15. Qd2 Be6 16. Rf2 a5 17. a4 Nd7 18. d4 Qg5 19. dxe5 Nxe5 20. Nf4 Ng6 21. Raf1
Nh4 22. Bxd5 Rfd8 23. c4 Bxd5 24. cxd5 Rd7 25. e4 Re8 26. Re1 b6 27. Kh1 Qe5 28.
Rfe2 Rd6 29. Nd3 Qd4 30. Qe3 Rxd5 31. Qxd4 Rxd4 32. Nf4 Rxa4 33. Nd5 Ng6 34.
Nxb6 Rd4 35. Nd5 a4 36. Kg1 Ne5 37. Kf2 Nd3+ 38. Ke3 Rxd5 39. Rd1 Nb4 40. Rxd5
Nxd5+ 41. Kd4 Nf4 42. Rf2 Ne6+ 43. Kd5 Rb8 44. Rc2 g5 45. Ke5 Kg7 46. Kd6 Rb4
47. e5 Kg6 48. Ke7 h5 49. Rf2 Rb7+ 50. Kd6 Nf4 51. g3 Nd3 52. Rxf7 Kxf7 0-1

[Event "Titled Tue 10th Jun Early"]
[Site "chess.com INT"]
[Date "2025.06.10"]
[Round "10"]
[White "Becking, Stephan"]
[Black "Ivashentseva, Dominika"]
[Result "1-0"]
[WhiteTitle "IM"]
[BlackTitle "WCM"]
[WhiteElo "2410"]
[BlackElo "1969"]
[WhiteFideId "4632478"]
[BlackFideId "34331050"]
[EventDate "2025.06.10"]

1. d4 d5 2. Nf3 Nf6 3. Bf4 c5 4. c3 Nc6 5. e3 Qb6 6. Qb3 c4 7. Qc2 Bf5 8. Qc1
Nh5 9. Bg3 Nxg3 10. hxg3 h6 11. Nbd2 Qc7 12. a4 a6 13. Be2 Rb8 14. b4 b5 15.
axb5 axb5 16. O-O e6 17. Re1 Be7 18. Bf1 O-O 19. e4 dxe4 20. Nxe4 Bxe4 21. Rxe4
Qd7 22. Ne5 Nxe5 23. Rxe5 f6 24. Re1 Bd6 25. Qd1 Ra8 26. Qf3 Rxa1 27. Rxa1 e5
28. Qd5+ Kh8 29. dxe5 fxe5 30. Rd1 Rf6 31. Be2 Qa7 32. Bf3 Qb6 33. Rd2 Qa6 34.
Kh2 Kh7 35. Be4+ Kh8 36. Bc2 g6 37. Qe4 Kg7 38. f3 h5 39. Re2 Qc8 40. Qd5 Qa6
41. Re4 Qa3 42. Qb7+ Rf7 43. Qd5 Qxc3 44. Re2 Bxb4 45. Qe4 Rf6 46. Qb7+ Rf7 47.
Qxb5 Bd6 48. Qd5 Qd4 49. Qe6 Rf6 50. Qd7+ Rf7 51. Qc6 Rf6 52. Re4 Qd2 53. Qxc4
Be7 54. Re2 Qc1 55. Qe4 Qg5 56. Re1 Bf8 57. Rd1 Kh6 58. Rd8 Bg7 59. Rd5 Rf5 60.
Rd6 Qe7 61. Rc6 Qf7 62. Qxf5 1-0

[Event "Titled Tue 10th Jun Early"]
[Site "chess.com INT"]
[Date "2025.06.10"]
[Round "10"]
[White "Altynbek, Aiaru"]
[Black "Buyankhishig, Batpelden"]
[Result "1-0"]
[WhiteTitle "WFM"]
[BlackTitle "WFM"]
[WhiteElo "1977"]
[BlackElo "2015"]
[WhiteFideId "13752472"]
[BlackFideId "4923537"]
[EventDate "2025.06.10"]

1. d4 Nf6 2. c4 e6 3. Nf3 b6 4. a3 Bb7 5. Nc3 Be7 6. d5 O-O 7. e4 d6 8. Bd3 Nbd7
9. O-O a5 10. Bc2 e5 11. Rb1 Ba6 12. b3 Nc5 13. Re1 Re8 14. b4 axb4 15. axb4
Ncd7 16. Bd3 Bf8 17. Bd2 g6 18. Ra1 Bg7 19. Qc2 Nh5 20. Ra2 Bb7 21. Rea1 Nf4 22.
Bf1 Rf8 23. Nb5 f5 24. Rxa8 Bxa8 25. Ra7 fxe4 26. Qxe4 Nf6 27. Qc2 Rf7 28. Bxf4
exf4 29. Ng5 Re7 30. Ne6 Qb8 31. Qa2 Bb7 32. Nbd4 Ne4 33. Nc6 Bxc6 34. dxc6 Rxe6
35. Ra8 Qxa8 36. Qxa8+ Kf7 37. Qc8 Re7 38. Bd3 Nd2 39. h3 f3 40. g3 Bd4 41. Qg4
Re1+ 42. Kh2 Bxf2 43. Qf4+ Kg7 44. Qxd2 Bxg3+ 45. Kxg3 Re5 46. Kxf3 h5 47. Qc3
Kh6 48. Qd4 g5 49. Be4 g4+ 50. hxg4 Kg5 51. gxh5 Kxh5 52. Bd5 Kg5 53. Qg4+ Kf6
54. Qd7 Rf5+ 55. Ke4 1-0